Las claves del feudalismo 860-1500

Saved in:
Bibliografiske detaljer
Hovedforfatter: Iradiel Murugarren, Paulino (Author)
Format: Bog
Sprog:spansk
Udgivet: Barcelona Planeta 1991
Serier:Las claves de la Historia, 11
Fag:
Tags: Tilføj Tag
Ingen Tags, Vær først til at tagge denne postø!

MARC

LEADER 00000nam a2200000 a 4500
001 UCX4692
003 CL-VaPUC
008 920709e19910000SP |||||||||||||||||spa|d
082 0 4 |a 940.1  |b IRA  |2 21 
100 |a Iradiel Murugarren, Paulino  |e author  |9 320972 
245 1 4 |a Las claves del feudalismo 860-1500 
300 |a 118 p 
942 |c BK 
945 |d 19920709 00:00:00 
260 |a Barcelona  |b Planeta  |c 1991 
650 0 |a Feudalismo  |9 313469 
583 |a last modification  |c 19920709 00:00:00  |k Rodrigo Vera 
490 0 |a Las claves de la Historia, 11 
999 |c 225102  |d 225100 
952 |0 0  |1 0  |4 0  |6 940_100000000000000_IRA_1991  |7 0  |8 A  |9 222311  |a BIBHIS  |b BIBHIS  |d 2019-11-15  |i 2911353  |o 940.1 IRA 1991  |p 2911353  |r 2025-01-20  |w 2019-11-15  |y BK  |k HIS